25 najlepszych piłkarzy z ligi francuskiej i arabskiej w FC 26 - Statystyki

Ogólne statystyki
  • Ten quiz został rozwiązany 24 razy
  • Średni wynik to 18 z 25
Statystyki odpowiedzi
Overall Klub Reprezentacja Piłkarz % Poprawnych
89 PSG Maroko Hakimi
100%
85 Al itihat Francja Benzema
95%
90 PSG Francja Dembele
95%
85 PSG Portugalia Neves
95%
84 Al hilal Portugalia Neves
95%
86 PSG Ekwador Pacho
95%
89 PSG Portugalia Vitinha
95%
86 PSG Portugalia Mendes
90%
85 Al nassr Portugalia Ronaldo
90%
85 PSG Francja Doue
85%
85 Al itihat Francja Kante
85%
87 PSG Brazylia Marquinhos
85%
85 PSG Hiszpania Ruiz
85%
84 PSG Francja Barcola
75%
84 Al ahly Algieria Mahrez
75%
83 Al nassr Senegal Mane
75%
87 PSG Gruzja Kvaratskhelia
70%
85 Al nassr Hiszpania Martinez
60%
84 Al hilal Serbia Milinkovic savic
55%
83 PSG Francja Chevalier
50%
84 Al hilal Portugalia Cancelo
35%
83 Al nassr Francja Coman
35%
84 Al itihat Francja Diaby
30%
84 Al hilal Francja Hernandez
30%
84 Marsylia Francja Pavard
30%
Nie znaleziono quizów pasujących do podanych kryteriów
Rozkład punktacji
Procent ludzi z każdym wynikiem
Percentyl według liczby udzielonych odpowiedzi
Twoja historia wyników
Nie rozwiązałeś tego quizu